00663nam a2200193 i 450000100060000000300090000600500170001500700030003200800410003502000180007608000100009424500980010426000420020230000220024450501300026665000240039670000160042085200330043666408ES-MaACL20230906165629.0t|040213s2001 ag ||||1| spa d a950-786-272-2 a1"20"04aLos caminos de la racionalidad b: mito, filosofía y religión /cRubén R. Dri (editor). aBuenos Aires : bBiblos, cimp. 2001. a177 p. ; c23 cm.8 aInés Areco, Rubén Dri, Gabriel E. Kaplan, María José Rossi, Miguel A. Rossi, María Antonia Sánchez, Silvia Ziblat14aFilosofía-yS.XX.1 aDri, Ruben. aES-MaACLjL-26806 bR.132406